000 01302nam a2200241Ii 4500
003 JO-AjNU
005 20240630114849.0
008 230605s9999||||xx |||||||||||||| ||und||
040 _aJO-AjNU
_bara
_erda
_cJO-AjNU
041 _aara
050 1 4 _aLB1029.2022
100 1 _aباكير، هناء زهير فهد
_eمعد
_965967
245 0 0 _aفعالية برنامج قائم على الالعاب المحوسبة للحد من ضعف الانتباه والنشاط الزائد لدى الطلبة ذوي صعوبات التعلم = The Effectiveness of Computerized Program Based on Games to Reduce Attention Deficit and Hyperactivity Disorder among Students with Learning Disabil /
_cاعداد هناء زهير فهد باكير؛ اشراف محمد عمر ابو الرب
264 3 1 _a 2022
300 _a98 ورقة
336 _atext
_btxt
_2rdacontent
337 _aunmediated
_bn
_2rdamedia
338 _avolume
_bnc
_2rdacarrier
500 _aرسالة جامعية(اطروحة ماجستير) تخصص التربية الخاصة/كلية العلوم التربوية، جامعة عجلون الوطنية، 2022
650 4 _aالالعاب المحوسبة-صعوبات التعلم
_962570
700 1 _aمحمد عمر ابو الرب
_964717
_eمشرف
942 _2lcc
_cTHS
999 _c31907
_d31907